Normal view
MARC view
Entry Personal Name
001 - CONTROL NUMBER
- control field: 57
003 - CONTROL NUMBER IDENTIFIER
- control field: OSt
005 - DATE AND TIME OF LATEST TRANSACTION
- control field: 20140507162048.0
008 - FIXED-LENGTH DATA ELEMENTS
- fixed length control field: 090925|||a|||||| | ||| d
040 ## - CATALOGING SOURCE
- Original cataloging agency: OSt
- Transcribing agency: OSt
100 ## - HEADING--PERSONAL NAME
- Personal name: Xenophon,
- Titles and other words associated with a name: the Historian.
670 ## - SOURCE DATA FOUND
- Source citation: Work cat.: (OSt)0: Xenophon, the Historian., Xenophōntos Agēsilaos. Agesilaus of Xenophon / , 1879.